UBT Library

HUMAN RESOURCE MANAGEMENT (Record no. 60229)

000 -LEADER
fixed length control field 00335nam a22001457a 4500
008 - FIXED-LENGTH DATA ELEMENTS--GENERAL INFORMATION
fixed length control field 230831b ||||| |||| 00| 0 eng d
020 ## - INTERNATIONAL STANDARD BOOK NUMBER
International Standard Book Number 9780618833580
041 ## - LANGUAGE CODE
Language code of text/sound track or separate title eng
080 ## - UNIVERSAL DECIMAL CLASSIFICATION NUMBER
Edition identifier 3 EDITION
Universal Decimal Classification number 338
082 ## - DEWEY DECIMAL CLASSIFICATION NUMBER
Classification number 338DEN
100 ## - Rafti
Rafti 24
101 ## - Shkurtesa
Shkurtesa MBE
245 ## - TITLE STATEMENT
Title HUMAN RESOURCE MANAGEMENT
Statement of responsibility, etc DENISI / GRIFFIN
942 ## - ADDED ENTRY ELEMENTS (KOHA)
Source of classification or shelving scheme
Item type Books
Holdings
Withdrawn status Lost status Source of classification or shelving scheme Damaged status Not for loan Collection code Permanent location Current location Date acquired Total Checkouts Full call number Barcode Date last seen Price effective from Koha item type
          Koleksioni i përgjithshem UBT - Lipjan UBT - Lipjan 08/31/2023   338DEN 002-800070145 08/31/2023 08/31/2023 Books
UBT Library © 2015-2024. All rights reserved University Education for Business and Technology